00000000nam 2200000zi 4500
0019.955418
003CaOODSP
00520251208091746
006m     o  d f      
007cr |n|||||||||
008250917e202511  oncbd   ob   f000 0 eng d
020 |a9780660790053
040 |aCaOODSP|beng|erda|cCaOODSP
043 |an-cn-nf
0861 |aFs70-5/2025-067E-PDF
1001 |aTrueman, S., |eauthor.
24510|aResults of comparative fishing between the Canadian Coast Guard Ship (CCGS) Teleost and the CCGS John Cabot in the Newfoundland and Labrador Region in spring 2023 / |cS. Trueman, E. Novaczek, K. Silver, and L. Wheeland.
264 1|aOttawa : |bCanadian Science Advisory Secretariat (CSAS), |cNovember 2025.
264 4|c©2025
300 |a1 online resource (iv, 114 pages) : |bmaps, graphs.
336 |atext|btxt|2rdacontent
337 |acomputer|bc|2rdamedia
338 |aonline resource|bcr|2rdacarrier
4901 |aResearch document, |x1919-5044 ; |v2025/067
500 |aIssued also in French under title: Résultats de la pêche comparative du navire de la Garde côtière canadienne (NGCC) Teleost par rapport au NGCC John Cabot dans la région de Terre-Neuve-et-Labrador au printemps 2023.
504 |aIncludes bibliographical references (page 6).
650 0|aFish surveys|zNewfoundland and Labrador|zAtlantic Coast.
650 0|aTrawls and trawling|zNewfoundland and Labrador.
7101 |aCanada. |bDepartment of Fisheries and Oceans, |eissuing body.
7102 |aCanadian Science Advisory Secretariat, |eissuing body.
77508|tRésultats de la pêche comparative du navire de la Garde côtière canadienne (NGCC) Teleost par rapport au NGCC John Cabot dans la région de Terre-Neuve-et-Labrador au printemps 2023 / |w(CaOODSP)9.955419
830#0|aResearch document (Canadian Science Advisory Secretariat)|v2025/067.|w(CaOODSP)9.507396
85640|qPDF|s37.7 MB|uhttps://publications.gc.ca/collections/collection_2025/mpo-dfo/fs70-5/Fs70-5-2025-067-eng.pdf